|
|
|
|
| LEADER |
00646nab a2200145 i 4500 |
| 001 |
delm49656 |
| 005 |
20180927134841.0 |
| 008 |
180927s1937 hu o 0|| hun d |
| 040 |
|
|
|a SZTE Délmagyarország Archívum
|b hun
|
| 041 |
|
|
|a hun
|
| 245 |
0 |
2 |
|a A kormányzó vasárnap reggel érkezik Szegedre a Hősök kapuja ünnepélyes felavatására
|h [elektronikus dokumentum] :
|b József főherceg, Hóman kultuszminiszter, Rassay Károly az ünnepségen
|
| 260 |
|
|
|c 1937-05-29
|
| 300 |
|
|
|a 3
|
| 490 |
0 |
|
|a Délmagyarország
|v 13 No. 119
|
| 695 |
|
|
|a József Ferenc Ausztria : főherceg, Hóman Bálint, Rassay Károly, Emlékmű történelemi Szeged, Ünnepség Szeged
|